Research methodology (Record no. 6504)

MARC details
000 -LEADER
fixed length control field 01195 a2200253 4500
005 - DATE AND TIME OF LATEST TRANSACTION
control field 20080829173033.0
008 - FIXED-LENGTH DATA ELEMENTS--GENERAL INFORMATION
fixed length control field 080829t xxu||||| |||| 00| 0 eng d
010 ## - LIBRARY OF CONGRESS CONTROL NUMBER
LC control number ENG-87468-69
020 ## - INTERNATIONAL STANDARD BOOK NUMBER
International Standard Book Number 9788131302576 (set)
Terms of availability 1395.00 (set)
035 ## - SYSTEM CONTROL NUMBER
System control number EN-71001-02
037 ## - SOURCE OF ACQUISITION
Source of stock number/acquisition DBAD / PUB
082 ## - DEWEY DECIMAL CLASSIFICATION NUMBER
Classification number 001.42
100 ## - MAIN ENTRY--PERSONAL NAME
Personal name Singh, Y.K.
245 ## - TITLE STATEMENT
Title Research methodology
Statement of responsibility, etc by Y.K. Singh and R.B. Bajpai
260 ## - PUBLICATION, DISTRIBUTION, ETC. (IMPRINT)
Place of publication, distribution, etc New Delhi
Name of publisher, distributor, etc A P H Publishing
Date of publication, distribution, etc 2007
270 ## - ADDRESS
Address 4435-36/7, Ansari Road, Darya Ganj,
City New Delhi
Postal code 110 002
300 ## - PHYSICAL DESCRIPTION
Extent 2 V. (viii, 352p.; x, 246p.)
Dimensions 21 cm ( Hb.)
500 ## - GENERAL NOTE
General note Includes bibliographical references and index & this book published in 2 vols. and set price is 1395.00.
505 ## - FORMATTED CONTENTS NOTE
Formatted contents note v.1 - Techniques and trends; v.2 - Data presentation
700 ## - ADDED ENTRY--PERSONAL NAME
Personal name Bajpai, R.B.
942 ## - ADDED ENTRY ELEMENTS (KOHA)
Institution code [OBSOLETE] dpl
Koha item type English Books
Call number prefix 001.42 / SIN
Source of classification or shelving scheme Dewey Decimal Classification
Classification part 001.42
Call number suffix SIN
Holdings
Withdrawn status Lost status Damaged status Not for loan Home library Current library Date acquired Cost, normal purchase price Total Checkouts Total Renewals Full call number Barcode Date last seen Copy number Uniform Resource Identifier Cost, replacement price Price effective from Koha item type
        D.B.Act.Division D.B.Act.Division 29/08/2008 1395.00     001.42 SIN EN-71001 15/09/2008 1 6993 1395.00 15/09/2008 English Books
        D.B.Act.Division D.B.Act.Division 29/08/2008 1395.00     001.42 SIN EN-71002 15/09/2008 1 6994 1395.00 15/09/2008 English Books

© Delhi Public Library
Hit Counter
free hit counter